000 00584nam a22001697a 4500
003 NUST
038 _aNusrat Nadeem
082 _a200
100 _aZil-E-Huma
_9119963
245 _aEffects of Resilience Building Program on Resilience Workplace Well-being and Work Engagement of Early Career Employees/
_cZil-E-Huma
264 _aIslamabad;
_bS3H NUST;
_c2023.
300 _aill:
_b131,p:
_c30,cm.
690 _aMS-Behavioral Sciences
_9114387
700 _aSupervisor: Dr. Gulnaz Zahid
_9119964
856 _u http://10.250.8.41:8080/xmlui/handle/123456789/37960
942 _2ddc
_cSC
999 _c607453
_d607453